000 00631nam a2200217Ia 4500
003 GCL
008 140319s9999 xx 000 0 ara d
040 _aGCL /
_cGCL
082 0 4 _a812.009
_bى ن
100 1 _aيسرى الجندى
245 1 0 _aنحو تراجيديا معاصرة : ملاحظات /
_cيسرى الجندى
260 _a[S.N] :
_bالهيئة المصرية العامة للكتاب ،
_c1993
300 _a235 ص
490 _a
650 0 4 _aالنقد
650 0 4 _aالادب
650 0 4 _aالمسرح
650 0 4 _aالفنون المسرحية
650 0 4 _aالملهاة
942 _2ddc
_cBK
999 _c28380
_d28380